| 000 | 00535nam a22001337a 4500 | ||
|---|---|---|---|
| 008 | 090603t xxu||||| |||| 00| 0 eng d | ||
| 082 |
_222 _a621.8 _bSHA |
||
| 245 |
_aTheory of Machines/ _cBy Abdulla Shariff; Forwarded by Howard L. Harrison |
||
| 260 |
_aDelhi: _bDhanpat Rai & sons, _c1976 |
||
| 300 |
_a740p.: _bill.; _c18 cm. |
||
| 650 |
_93753 _aMechanical engineering. |
||
| 942 |
_2ddc _cBB |
||
| 999 |
_c11728 _d11728 |
||